000
00264nam a2200109Ia 4500
008
220204s9999 xx 000 0 und d
082
_a
809.481.1
_b
JEG
100
_a
Jegatheesh, N
245
0
_a
Learn Tamil in 30 days
260
_a
Madras
_b
Balaji
_c
1977
942
_c
BK
999
_c
30056
_d
30056